000 00892nam a22002657a 4500
001 BR7904386
003 BR-BrBNA
005 20230928090037.0
007 ta
008 230509b bl.||||| |||| 00| 0 por d
040 _aBR-BrBNA
_bpor
_cBiblioteca Nacional de Agricultura
041 _a(Por)
072 _aE15
_b/G514
090 _ E15 BR7904386
110 1 _aCooperativa Agropecuaria Mista Nova Fronteira Ltda., Altamira, PA (Brasil)
_92800
245 1 _aRelatorio da Diretoria e Balanco Geral da Cooperativa agropecuaria mista Nova Fronteira; Para; Brasil]
_bConvenio SUDAM/EMATER-Para
260 3 _aAltamira, PA (Brasil):
_bEmpresa de Assistencia Tecnica e Extensao Rural do Estado do Para,
_c1979.
300 _a16 p.
650 _aMicroeconomia
650 _aCooperativa
650 _aContabilidade
650 _aPara
909 _a202309
_bLucia
_c55
_dLucia Elande
942 _cBK
999 _c27572
_d27572